[Event "Remote email"]
[Site "Remote email"]
[Date "2013.12.30"]
[Round "?"]
[White "Ganz, Harry"]
[Black "Kainzbauer, Harald"]
[Result "1-0"]
[WhiteElo "2275"]
[BlackElo "2000"]
[PlyCount "71"]
[EventDate "2013.??.??"]
[EventType "tourn (corr)"]
[EventRounds "6"]
[EventCountry "GER"]
[SourceTitle "Corr 2015"]
[Source "ChessBase"]
[SourceDate "2015.07.17"]
[SourceVersion "1"]
[SourceVersionDate "2015.07.17"]
[SourceQuality "1"]

1. d4 d5 2. Nf3 Nf6 3. c3 e6 4. Bf4 Bd6 5. e3 Bxf4 6. exf4 0-0 7. Na3 b6 8. Bd3 Ba6 9. Nc2 c5 10. 0-0 Qd6 11. Bxa6 Nxa6 12. Ne5 b5 13. a4 b4 14. dxc5 Qxc5 15. Nd3 Qb6 16. cxb4 Rac8 17. b5 Nc5 18. Nd4 Nxd3 19. Qxd3 Rc4 20. Rfd1 Qc5 21. Qe3 a6 22. b3 Rc3 23. Rdc1 Rxe3 24. Rxc5 Rd3 25. bxa6 Nd7 26. Rc7 Nb6 27. Rb7 Na8 28. Nc6 Rc3 29. Ne7+ Kh8 30. a7 g6 31. b4 Kg7 32. b5 Kf6 33. b6 Nxb6 34. Rxb6 Kxe7 35. Rb8 Rfc8 36. g3 1-0

[Event "Munich OIS op 33rd"]
[Site "Munich"]
[Date "2013.09.28"]
[Round "1"]
[White "Kainzbauer, Harald"]
[Black "Fedorovsky, Michael"]
[Result "1/2-1/2"]
[WhiteElo "2015"]
[BlackElo "2385"]
[PlyCount "95"]
[EventDate "2013.09.28"]
[EventType "swiss"]
[EventRounds "9"]
[EventCountry "GER"]
[SourceTitle "CBM 156 Extra"]
[Source "ChessBase"]
[SourceDate "2013.10.22"]
[SourceVersion "1"]
[SourceVersionDate "2013.10.22"]
[SourceQuality "1"]

1. e4 c5 2. Nf3 Nc6 3. d4 cxd4 4. Nxd4 Nf6 5. Nc3 e5 6. Ndb5 d6 7. Bg5 a6 8. Na3 b5 9. Bxf6 gxf6 10. Nd5 Bg7 11. Bd3 Ne7 12. Nxe7 Qxe7 13. 0-0 f5 14. c4 0-0 15. cxb5 d5 16. f3 fxe4 17. fxe4 f5 18. Qb3 Be6 19. exd5 Qc5+ 20. Kh1 Bxd5 21. Rac1 Bxb3 22. Rxc5 Bxa2 23. bxa6 e4 24. Be2 Rfb8 25. Nb5 Bf7 26. a7 Rd8 27. b4 Be8 28. Bc4+ Kh8 29. Bd5 Bf8 30. Bxa8 Bxc5 31. Bb7 Bxb5 32. a8Q Rxa8 33. Bxa8 Bxf1 34. bxc5 Kg7 35. c6 Bc4 36. g3 Kf6 37. Kg2 Ke7 38. Kf2 Kd6 39. c7 Kxc7 40. Ke3 Kd6 41. g4 fxg4 42. Bxe4 h5 43. Bg6 h4 44. Bf5 Be6 45. Bxe6 Kxe6 46. Kf4 g3 47. hxg3 hxg3 48. Kxg3 1/2-1/2

[Event "Munich-ch MK op"]
[Site "Munich"]
[Date "2013.02.02"]
[Round "7"]
[White "Kainzbauer, Harald"]
[Black "Azimi, Reza"]
[Result "0-1"]
[WhiteElo "1932"]
[BlackElo "1950"]
[PlyCount "32"]
[EventDate "2013.01.11"]
[EventType "swiss"]
[EventRounds "7"]
[EventCountry "GER"]
[SourceTitle "EXT 2015"]
[Source "ChessBase"]
[SourceDate "2014.11.20"]
[SourceVersion "1"]
[SourceVersionDate "2014.11.20"]
[SourceQuality "1"]

1. e4 c5 2. Nf3 Nc6 3. d4 cxd4 4. Nxd4 Nf6 5. Nc3 d6 6. Bg5 e6 7. Qd2 a6 8. 0-0-0 h6 9. Bh4 Bd7 10. f4 Qa5 11. Bg3 Rc8 12. Nf3 Nb4 13. Qd4 Rxc3 14. bxc3 Nxa2+ 15. Kb1 Nxc3+ 16. Kb2 Nxd1+ 0-1